Tiền giả định trong ca dao Quảng Nam – Đà Nẵng
Nghiên cứu tiền giả định trong ca dao Quảng Nam – Đà Nẵng nhằm chỉ ra được mối quan hệ giữa hiển ngôn và hàm ngôn trong từng văn bản ca dao; giải mã được nội dung ngữ nghĩa thực sự của chúng trong khi điều được nói ra trên bề mặt câu chữ không phải là cái thực chất muốn nói lên; góp phần lý giải đượ...
Na minha lista:
| Autor principal: | |
|---|---|
| Outros Autores: | |
| Formato: | Livro |
| Idioma: | Vietnamese |
| Publicado em: |
Đà Nẵng
Đại học Đà Nẵng
2014
|
| Assuntos: | |
| Tags: |
Adicionar Tag
Sem tags, seja o primeiro a adicionar uma tag!
|
| Thư viện lưu trữ: | Mạng thư viện Đại học Đà Nẵng |
|---|
| LEADER | 02023nam a2200337 4500 | ||
|---|---|---|---|
| 001 | 000020118 | ||
| 003 | 16560 | ||
| 005 | 20150302160325.0 | ||
| 008 | 150123s2014 viesd | ||
| 041 | |a vie | ||
| 082 | 1 | 4 | |a 808.0663988 |b HO-G |
| 100 | 1 | |a Hoàng Thị Quỳnh Giao | |
| 245 | 1 | |a Tiền giả định trong ca dao Quảng Nam – Đà Nẵng |c Hoàng Thị Quỳnh Giao ; Trương Thị Diễm hướng dẫn. |k Luận văn Thạc sĩ | |
| 260 | |a Đà Nẵng |b Đại học Đà Nẵng |c 2014 | ||
| 300 | |a 103 tr., phụ lục 2 tr. |c 29 cm. |e Tóm tắt | ||
| 500 | |a Luận văn thạc sĩ Khoa học. Chuyên ngành: Ngôn ngữ học. Mã số: 60.22.01 | ||
| 520 | |a Nghiên cứu tiền giả định trong ca dao Quảng Nam – Đà Nẵng nhằm chỉ ra được mối quan hệ giữa hiển ngôn và hàm ngôn trong từng văn bản ca dao; giải mã được nội dung ngữ nghĩa thực sự của chúng trong khi điều được nói ra trên bề mặt câu chữ không phải là cái thực chất muốn nói lên; góp phần lý giải được cơ sở của những “ý tại ngôn ngoại”. Trên cơ sở đó nhận ra một bản sắc riêng trong đời sống sinh hoạt và trong lời ăn tiếng nói hàng ngày của người dân xứ Quảng. | ||
| 650 | 0 | 4 | |a Ngôn ngữ ca dao |v Luận văn tốt nghiệp |x Nghiên cứu |z Quảng Nam - Đà Nẵng |
| 653 | |a Ngôn ngữ ca dao | ||
| 653 | |a Ngôn ngữ học | ||
| 700 | 1 | |a Trương Thị Diễm |c PGS.TS |e Hướng dẫn | |
| OWN | |a LSP | ||
| AVA | |a UDN50 |b LSP |d 808.0663988 HO-G |e available |t Error 5001 Not defined in file expand_doc_bib_avail. |f 1 |g 0 |h N |i 0 |k 1 | ||
| 999 | |a From the UDN01 | ||
| AVA | |a UDN50 |b LSP |d 808.0663988 HO-G |e available |t Error 5001 Not defined in file expand_doc_bib_avail. |f 1 |g 0 |h N |i 0 |k 1 | ||
| TYP | |a Monograph | ||
| TYP | |a Printed language | ||
| 980 | |a Mạng thư viện Đại học Đà Nẵng | ||